Les 20 pays les moins peuplés du monde - Statistiques

Statistiques générales
  • Ce quiz a été pris 271 fois
  • Le résultat moyen est 13 sur 20
Statistiques - réponses
Rang Habitants Pays % Correct
1 496 Vatican
97%
7 38 631 Monaco
87%
11 81 938 Andorre
86%
5 33 581 Saint-Marin
83%
8 39 870 Liechtenstein
79%
3 11 947 Nauru
68%
13 100 616 Saint-Vincent-et-les-Grenadines
68%
18 179 744 Sainte-Lucie
67%
2 9 646 Tuvalu
67%
9 46 843 Saint-Christophe-et-Niévès
63%
19 218 019 Samoa
63%
6 37 548 Îles Marshall
62%
4 17 695 Palaos
61%
14 104 175 Tonga
61%
17 134 518 Kiribati
59%
15 117 207 Grenade
57%
12 93 772 Antigua-et-Barbuda
55%
10 66 205 Dominique
54%
16 130 418 Seychelles
48%
20 235 536 Sao-Tomé-et-Principe
46%
Aucun quiz correspondant
Distribution des résultats
% des personnes avec chaque résultat
Percentile par nombre de réponses
Votre historique - résultats
Vous n’avez pas pris ce quiz